000 01106cam a2200301 a 4500
001 000006649
005 20200929153950.0
008 001213s1999 ag a f000 0dspa d
020 _a9879350065
040 _aDO-SdBNP
_bspa
_cLC
_dBNPHU
041 1 7 _aspa
_hhun
_2Código de idioma MARC
082 _a943.982
_bK96h
100 1 _aKurucz, Ladislao.
_918477
240 1 0 _aA magyarok Argentinaban,
_lEspañol
245 1 0 _aHúngaros en la Argentina /
_cLadislao Kurucz ; traducción castellana Peter Kiss ; editor Lido Lacomini.
260 _aBuenos Aires :
_bBiblioteca Nacional,
_c1999.
300 _a320 p. :
_bil. ;
_c23 cm.
534 _pTraducción castellana:
_tA magyarok Argentinaban
651 4 _aHungría
_zArgentina
_xHistoria
_ySIGLO XX
_918478
651 4 _aHungría
_xEmigración E Inmigración
_918479
651 4 _aArgentina
_xEmigración E Inmigración
_918480
650 4 _aInmigrantes
_zArgentina
_918481
651 4 _aArgentina
_xHistoria
_918482
700 1 _aKiss, Peter,
_etr.
_918483
700 1 _aLacomini, Lido,
_eed.
_918484
910 _aCatalogación por copia / LC
049 _aBNGR
999 _c6439
_d6439